[Event "Harbin U20 op"]
[Site "Harbin"]
[Date "2017.01.22"]
[Round "9"]
[White "Hou, Yifan B"]
[Black "Nie, Xin"]
[Result "1/2-1/2"]
[WhiteElo "1635"]
[BlackElo "2045"]
[PlyCount "117"]
[EventDate "2017.01.18"]
[EventType "swiss"]
[EventRounds "9"]
[EventCountry "CHN"]
[SourceTitle "EXT 2018"]
[Source "ChessBase"]
[SourceDate "2017.10.13"]
[SourceVersion "1"]
[SourceVersionDate "2017.10.13"]
[SourceQuality "1"]

1. d4 Nf6 2. Nf3 e6 3. c4 d5 4. g3 Bb4+ 5. Bd2 Bd6 6. Bg2 c6 7. Qc2 Nbd7 8. O-O
O-O 9. Bg5 h6 10. Bxf6 Nxf6 11. Nbd2 b6 12. e4 Be7 13. e5 Nd7 14. cxd5 cxd5 15.
Rfc1 Nb8 16. Bf1 a5 17. a3 Bd7 18. Qc7 Qxc7 19. Rxc7 Bd8 20. Rc3 Nc6 21. Rac1
Ne7 22. Bd3 a4 23. Ne1 b5 24. Ndf3 Ba5 25. Rc5 Rfb8 26. Nc2 Bb6 27. Rc3 Ba5 28.
Rc5 Rc8 29. Nb4 Bb6 30. R5c3 Rxc3 31. Rxc3 Ba5 32. Rc5 Rb8 33. Na2 Bb6 34. Rc3
Nc6 35. Bxb5 Nxe5 36. Bxd7 Nxd7 37. b3 axb3 38. Rxb3 Rc8 39. Nc3 Rc4 40. Nb5 f6
41. Kg2 e5 42. Nd6 Rc2 43. Nf5 exd4 44. N5xd4 Rc4 45. Nf5 Rc2 46. Ne7+ Kf7 47.
Nxd5 Rxf2+ 48. Kh3 Bc5 49. a4 g5 50. a5 Ke6 51. Nb6 Ra2 52. Nxd7 Kxd7 53. Kg4
Rxa5 54. Kh5 Ra2 55. h4 Bf8 56. Rb7+ Ke6 57. Rb6+ Kf7 58. Rb7+ Kg8 59. Nd4
1/2-1/2

[Event "Geneva FIDE GP"]
[Site "Geneva"]
[Date "2017.07.14"]
[Round "8"]
[White "Hou, Yifan"]
[Black "Giri, Anish"]
[Result "0-1"]
[WhiteElo "2666"]
[BlackElo "2775"]
[Annotator "Ftacnik,L"]
[PlyCount "136"]
[EventDate "2017.07.06"]
[EventType "swiss"]
[EventRounds "9"]
[EventCountry "SUI"]
[SourceTitle "CBM 180"]
[Source "ChessBase"]
[SourceDate "2017.09.13"]
[SourceVersion "1"]
[SourceVersionDate "2017.09.13"]
[SourceQuality "1"]

1. e4 c5 2. Nf3 d6 3. d4 cxd4 4. Nxd4 Nf6 5. Nc3 a6 6. Be2 e6 7. O-O Be7 8. f4
O-O 9. Kh1 Qc7 10. Qe1 {The line with 10.Qe1 is a dangerous weapon in the
Scheveningen Variation. Black will get counterplay, but White's concentrated
pieces on the kingside will represent great attacking potential.} (10. a4 Nc6
11. Be3 Re8) 10... Nc6 11. Be3 Nxd4 12. Bxd4 b5 13. Qg3 Bb7 14. a3 Rad8 15.
Rae1 Bc6 16. Bd3 Qd7 $5 {A very interesting development in a well known
position. Attention shas hifted from the older move 16...Qb7 to the clever
idea 16...Rd7 followed by ...Qd8 to this clever move. Black players are
getting very good results with counterplay in the centre.} (16... Qb7) (16...
Rd7) 17. Rf3 (17. Ne2 g6 18. Qe3 Ng4 19. Qg3 Nf6 20. Qf3 Ne8 21. Qe3 Bf6 22.
Bxf6 Nxf6 23. Nd4 $15 {1/2-1/2 (58) Dragun,K (2594)-Grachev,B (2639) Moscow
2016}) (17. Nd1 Nh5 (17... g6 18. Ne3 Nh5 19. Qh3 Nxf4 20. Rxf4 e5 21. Qh6 f6
22. Rg4 $18 {1/2-1/2 (38) Schroeder,J (2521)-Korneev,O (2582) Heusenstamm 2016}
) 18. Qg4 Nf6 (18... g6 19. Ne3 Nf6 20. Qf3 Qc7 21. f5 e5 22. Bc3 Kh8 23. Ng4
Nxg4 24. Qxg4 $11 {0-1 (32) Brkic,A (2584)-Bosiocic,M (2567) Mali Losinj 2016})
19. Qg3 Nh5 20. Qh3 Nxf4 21. Rxf4 e5 22. Rg4 exd4 23. e5 g6 24. e6 Qe8 $15 {
0-1 (37) Liu,Q (2510)-Popov,I (2653) China 2015}) (17. b4 Nh5 18. Qg4 (18. Qh3
Nxf4 19. Rxf4 e5 20. Rg4 exd4 21. e5 g6 22. e6 Qe8 $11 {1/2-1/2 (60) Saveliev,
A (2369)-Grachev,B (2658) Sochi 2017}) 18... Nf6 19. Qh3 e5 20. fxe5 Qxh3 21.
gxh3 dxe5 22. Bxe5 Rfe8 23. Bg3 $11 {1-0 (41) Kosteniuk,A (2537)-Charochkina,D
(2366) Sochi 2016}) (17. Na2 Nh5 18. Qf2 e5 19. fxe5 dxe5 20. Bxe5 Nf6 21. Bxf6
Bxf6 22. e5 Be7 23. Nb4 $14 {1/2-1/2 (62) Harika,D (2535)-Ushenina,A (2458)
Khanty-Mansiysk 2017}) 17... e5 $1 {This counterblow was enabled by the
location of the black queen. Black hopes to get enough compensation for the
pawn.} (17... g6 18. f5 exf5 19. Rxf5 Ne8 20. a4 (20. Rf3 Ng7 21. Ref1 $14)
20... Ng7 21. axb5 axb5 22. b4 Rde8 23. Bxg7 Kxg7 24. Bxb5 Bxb5 25. Rxb5 Bf6
$14 {1/2-1/2 (60) Stukopin,A (2586)-Ramirez,A (2550) Saint Louis 2017}) 18.
fxe5 Nh5 19. Qh3 (19. Qf2 dxe5 20. Bxe5 f6 21. Bg3 Nxg3+ 22. Rxg3 Bd6 $11)
19... Qxh3 20. Rxh3 Nf4 21. Rf3 Nxd3 22. cxd3 (22. Rxd3 dxe5 23. Bxe5 f5 24.
Rxd8 Bxd8 25. Bd6 Re8 $11) 22... dxe5 23. Bxe5 {The landscape has changed
radically. Instead of defending against White's attack Black will be hoping to
prove full compensation with active pieces and the bishop pair.} b4 (23... Rfe8
24. Bc7 Rd7 25. Ba5 Bf6 $11) 24. axb4 Bxb4 25. Rc1 Rc8 (25... a5 26. Kg1 Rfe8
$11) 26. h3 (26. Ne2 $1 Bb5 27. Rxc8 Rxc8 28. Bc3 Bc5 29. Rg3 $14) 26... f6 27.
Bg3 (27. Na2 Bxe4 $1 28. dxe4 Rxc1+ 29. Nxc1 fxe5 30. Rxf8+ Kxf8 $11) 27...
Rfd8 28. Bf2 Bb7 29. Kh2 {Hou is a bit helpless and thus moves the king away
from the a8-h1 diagonal.} (29. Be1 Rd7 $11) 29... f5 $1 {The dynamic potential
of Black's position is substantial, now White must be careful not to lose the
extra pawn.} 30. Ra1 (30. Rxf5 Rxd3 31. Rf3 Rd2 $15) 30... fxe4 31. dxe4 Rd2
32. Nd5 Bf8 {Giri had probably started dreaming about turning the tables and
was not satisfied with a small advantage after grabbing the b2-pawn.} (32...
Rxb2 33. Nxb4 Rxb4 34. Rd1 Bxe4 35. Rf4 Rb2 36. Rxe4 Rxf2 37. Re7 $15) 33. b4 (
33. Rf1 Bxd5 34. exd5 Rxb2 35. Rd3 Rcc2 36. Bg3 Rxg2+ 37. Kh1 Rgd2 38. Re3 $11)
33... h6 34. Bc5 $6 {The old wisdom in chess suggests putting your opponent
under pressure, as even the best players may crack. The former world champion
wants to limit the pressure at the cost of a pawn.} (34. Be3 Re2 35. Rd1 Bxd5
36. exd5 Rcc2 37. Bc5 Rxg2+ 38. Kh1 $11) 34... Bxc5 35. bxc5 Rxc5 36. Rb3 {
[%mdl 4096] Black will have an extra pawn, but limited chances to hope for
more than the better side of a draw.} (36. Rfa3 Rd4 37. Rb1 Bxd5 38. exd5 a5
39. Rb7 Rdxd5 40. Ra7 $15) 36... Bxd5 37. exd5 a5 38. d6 (38. Rb8+ Kh7 39. Ra8
Rdxd5 40. h4 $15) 38... Rxd6 39. Rb8+ Kf7 40. Ra8 Rdd5 41. Ra7+ Kg6 42. Ra3 (
42. h4 $1 h5 43. Ra3 $11) 42... Rh5 $5 43. Ra4 Rb5 44. h4 {Both players
understood that getting the pawn to h4 would seriously help White.} (44. Ra3
Kh7 $15) 44... Rb4 45. R4xa5 Rhxh4+ 46. Kg3 Kh7 47. Ra3 (47. R5a6 Rhg4+ 48. Kh3
h5 $15) 47... h5 48. Rf7 Rh1 49. Re3 $2 {All players know the slippery feeling
when defending a worse position. The situation may not get better, but any
serious inacuracy will multiply the burden. White had to find 49.Rf4! with
excellent drawing chances.} (49. Rf4 $1 Rb2 50. Rd3 Kh6 51. Rfd4 $15) 49... h4+
$1 50. Kf2 Rbb1 51. Ree7 $6 {When it rains it pours, Hou did not realise how
difficult the defence would be in the plain rook ending.} (51. Rc7 Kh6 52. Re6+
g6 53. Rc2 Rhf1+ 54. Ke3 Kh5 $17) 51... Rhf1+ 52. Ke2 Rbe1+ 53. Kd3 (53. Kd2
Rxe7 54. Rxf1 Kg6 55. Rh1 Kg5 56. Rh3 Kg4 57. Ra3 g5 $19) 53... Rxf7 54. Rxf7 (
54. Rxe1 Rd7+ 55. Kc2 Kg6 $19) 54... Kh6 55. Kd2 (55. Ra7 g5 $19) 55... Re6 56.
Rf4 Kh5 (56... g5 57. Rf3 Kh5 58. Ra3 Re4 59. Ra2 Kg6 $19) 57. Rf7 Rg6 $1 58.
Rf2 Kg4 59. Ke1 (59. Re2 Kg3 60. Ke1 Ra6 $19) 59... Re6+ 60. Kf1 Rf6 $1 {
Transitioning to a pawn ending is mostly trivial for very strong players. The
defence becomes hopeless as it is fairly easy to force a theoretically won
position.} 61. Rxf6 gxf6 62. Kf2 (62. Kg1 h3 $19) 62... Kf4 63. Kg1 Kg3 64. Kf1
h3 65. Kg1 (65. gxh3 Kxh3 66. Kf2 Kg4 67. Ke3 f5 68. Kf2 Kf4 $19) 65... Kg4 66.
gxh3+ Kxh3 67. Kf2 Kg4 68. Kg2 Kf4 (68... Kf4 69. Kf2 f5 $19) 0-1

[Event "CHN-chTB"]
[Site "Qinhuangdao"]
[Date "2017.07.11"]
[Round "3.2"]
[White "Xu, Yining"]
[Black "Hou, Yifan B"]
[Result "1-0"]
[WhiteElo "2323"]
[BlackElo "1694"]
[PlyCount "105"]
[EventDate "2017.07.10"]
[EventType "team-tourn"]
[EventRounds "11"]
[EventCountry "CHN"]
[SourceTitle "EXT 2018"]
[Source "ChessBase"]
[SourceDate "2017.10.13"]
[SourceVersion "1"]
[SourceVersionDate "2017.10.13"]
[SourceQuality "1"]
[WhiteTeam "Qingdao Qingwei"]
[BlackTeam "Heilongjiang"]
[WhiteTeamCountry "CHN"]
[BlackTeamCountry "CHN"]

1. e4 c5 2. Nf3 Nc6 3. d4 cxd4 4. Nxd4 Qc7 5. Nc3 e6 6. f4 a6 7. Nxc6 Qxc6 8.
Bd3 d6 9. O-O Be7 10. Kh1 Qc7 11. e5 Bd7 12. exd6 Bxd6 13. Ne4 Be7 14. Bd2 Nf6
15. Bc3 Bc6 16. Qe1 Bd5 17. Be5 Qc6 18. Bxf6 Bxf6 19. c4 Bxe4 20. Bxe4 Qb6 21.
c5 Qc7 22. Qb4 O-O 23. Bxb7 Rab8 24. c6 Rfd8 25. Rac1 Rd4 26. Qe1 g6 27. Rc5
Rxb7 28. cxb7 Qxb7 29. b3 Re4 30. Qd1 Qb4 31. Qf3 Re1 32. Rc2 Qe4 33. Rcf2 a5
34. Qxe4 Rxe4 35. Rc2 Re3 36. g3 Bc3 37. Kg2 Bb4 38. Kf2 Rd3 39. Ke2 Rd5 40.
Rd1 Rh5 41. Kf3 Kg7 42. h4 Rb5 43. Rc7 h5 44. a4 Rf5 45. Ke4 Kg8 46. Rb7 Rc5
47. Rd8+ Kg7 48. Rdd7 Rf5 49. Rb5 Rf6 50. Ra7 Be1 51. Kf3 e5 52. Rxe5 Bc3 53.
Raxa5 1-0

[Event "CHN-chTB"]
[Site "Qinhuangdao"]
[Date "2017.07.12"]
[Round "6.3"]
[White "Hou, Yifan B"]
[Black "Li, Zekai"]
[Result "1-0"]
[WhiteElo "1694"]
[BlackElo "1867"]
[PlyCount "112"]
[EventDate "2017.07.10"]
[EventType "team-tourn"]
[EventRounds "11"]
[EventCountry "CHN"]
[SourceTitle "EXT 2018"]
[Source "ChessBase"]
[SourceDate "2017.10.13"]
[SourceVersion "1"]
[SourceVersionDate "2017.10.13"]
[SourceQuality "1"]
[WhiteTeam "Heilongjiang"]
[BlackTeam "Qingdao High Level Training"]
[WhiteTeamCountry "CHN"]
[BlackTeamCountry "CHN"]

1. d4 Nf6 2. Nf3 b6 3. c4 e6 4. g3 Ba6 5. b3 Bb4+ 6. Bd2 Be7 7. Bg2 c6 8. O-O
d5 9. Qc2 O-O 10. Rd1 Nbd7 11. Be1 b5 12. c5 Re8 13. e3 Ne4 14. Nbd2 f5 15. b4
Bf6 16. Nb3 Qc7 17. a4 bxa4 18. Rxa4 Bb5 19. Ra3 g5 20. Bf1 Bxf1 21. Kxf1 g4
22. Ng1 h5 23. Qe2 e5 24. Qa2 f4 25. dxe5 fxg3 26. hxg3 Bxe5 27. Nd4 Ndf6 28.
Nge2 h4 29. gxh4 Bxd4 30. Rxd4 Qh2 31. Ng1 Rf8 32. f4 g3 33. Qg2 Ng4 34. Nf3
Nxe3+ 35. Rxe3 Rxf4 36. Qxh2 gxh2 37. Kg2 Raf8 38. Nxh2 R8f7 39. Rdd3 Rg7+ 40.
Kh3 Rg1 41. Rf3 Rxf3+ 42. Nxf3 Rg6 43. Ng5 Nxg5+ 44. hxg5 Rxg5 45. Rg3 Rxg3+
46. Kxg3 Kg7 47. Kf4 Kf6 48. Bc3+ Ke6 49. Bd4 Kd7 50. Kf5 Kc7 51. Ke6 Kb7 52.
Kd7 Ka6 53. Kc7 Kb5 54. Bg1 d4 55. Bxd4 Ka6 56. Bg1 Kb5 1-0

[Event "CHN-chTB"]
[Site "Qinhuangdao"]
[Date "2017.07.13"]
[Round "7.3"]
[White "Zhang, Fuhan"]
[Black "Hou, Yifan B"]
[Result "1-0"]
[WhiteElo "2001"]
[BlackElo "1694"]
[PlyCount "67"]
[EventDate "2017.07.10"]
[EventType "team-tourn"]
[EventRounds "11"]
[EventCountry "CHN"]
[SourceTitle "EXT 2018"]
[Source "ChessBase"]
[SourceDate "2017.10.13"]
[SourceVersion "1"]
[SourceVersionDate "2017.10.13"]
[SourceQuality "1"]
[WhiteTeam "Wuxi Training Base"]
[BlackTeam "Heilongjiang"]
[WhiteTeamCountry "CHN"]
[BlackTeamCountry "CHN"]

1. e4 c5 2. Nf3 Nc6 3. d4 cxd4 4. Nxd4 Qc7 5. Nc3 e6 6. Be3 a6 7. Qf3 Nf6 8.
O-O-O Be7 9. Be2 Rb8 10. g4 d6 11. g5 Nd7 12. Qg3 b5 13. f4 b4 14. Na4 Bb7 15.
Bd3 Nxd4 16. Bxd4 Bc6 17. b3 Bxa4 18. bxa4 Qa5 19. Bxg7 Rg8 20. Bb2 Qxa4 21.
Kb1 Qc6 22. Qh3 Nf8 23. Rhg1 a5 24. Qe3 Nd7 25. f5 e5 26. f6 Bd8 27. Qe2 Nc5
28. Bc4 Nxe4 29. Bxf7+ Kxf7 30. Qh5+ Kf8 31. Qh6+ Kf7 32. Qxh7+ Kf8 33. Qh6+
Kf7 34. g6+ 1-0

[Event "CHN-chTB"]
[Site "Qinhuangdao"]
[Date "2017.07.14"]
[Round "10.1"]
[White "Hou, Yifan B"]
[Black "Li, Shilong"]
[Result "0-1"]
[WhiteElo "1694"]
[BlackElo "2512"]
[PlyCount "88"]
[EventDate "2017.07.10"]
[EventType "team-tourn"]
[EventRounds "11"]
[EventCountry "CHN"]
[SourceTitle "EXT 2018"]
[Source "ChessBase"]
[SourceDate "2017.10.13"]
[SourceVersion "1"]
[SourceVersionDate "2017.10.13"]
[SourceQuality "1"]
[WhiteTeam "Heilongjiang"]
[BlackTeam "Guangdong Zhuhai"]
[WhiteTeamCountry "CHN"]
[BlackTeamCountry "CHN"]

1. d4 Nf6 2. c4 g6 3. Nf3 Bg7 4. g3 O-O 5. Bg2 d6 6. O-O Nbd7 7. Nc3 e5 8. e4
exd4 9. Nxd4 Re8 10. h3 a6 11. Re1 Rb8 12. Rb1 Ne5 13. b3 c5 14. Nc2 Nc6 15.
Bb2 b5 16. Nd5 bxc4 17. bxc4 Ne5 18. Bxe5 Rxb1 19. Qxb1 Rxe5 20. Nce3 Re8 21.
Qc2 Nxd5 22. Nxd5 Be6 23. Qd2 Bd4 24. Rb1 Bxd5 25. exd5 Qf6 26. Rb3 Kg7 27. Bf3
Re5 28. Kg2 h5 29. Ra3 Rf5 30. Qe2 h4 31. g4 Re5 32. Qd2 Re7 33. Rb3 a5 34. a4
Qe5 35. Kf1 Kh7 36. Kg2 Qe1 37. Qxe1 Rxe1 38. Rb5 Ra1 39. Rxa5 Ra2 40. Kh1 Rxf2
41. Be4 f5 42. gxf5 gxf5 43. Bd3 Rf3 44. Bc2 Rf1+ 0-1

[Event "Biel Accentus rapid 50th"]
[Site "Biel"]
[Date "2017.07.23"]
[Round "1.1"]
[White "Navara, David"]
[Black "Hou, Yifan"]
[Result "1-0"]
[WhiteElo "2737"]
[BlackElo "2666"]
[PlyCount "93"]
[EventDate "2017.07.23"]
[EventType "k.o. (rapid)"]
[EventRounds "3"]
[EventCountry "SUI"]
[SourceTitle "CBM 180"]
[Source "ChessBase"]
[SourceDate "2017.09.13"]
[SourceVersion "1"]
[SourceVersionDate "2017.09.13"]
[SourceQuality "1"]

1. d4 Nf6 2. c4 e6 3. Nc3 Bb4 4. e3 O-O 5. Bd3 d5 6. Nf3 c5 7. cxd5 exd5 8.
dxc5 Nbd7 9. O-O Nxc5 10. Ne2 Nxd3 11. Qxd3 Bg4 12. Nfd4 Bd6 13. b3 Bh5 14. Nf4
Bg6 15. Nxg6 hxg6 16. Bb2 Qe7 17. Nb5 Rfd8 18. Nxd6 Qxd6 19. Qd4 Re8 20. Rad1
a6 21. f3 Qe6 22. Rd3 Rac8 23. Bc3 Rc6 24. Rfd1 g5 25. h3 Qf5 26. a4 Rce6 27.
Qc5 b6 28. Qd4 Qh7 29. Bb2 Qg6 30. Rc3 Kh7 31. Kf2 Qf5 32. g4 Qg6 33. Qd3 Qxd3
34. Rdxd3 Kg6 35. Rc7 Rh8 36. Kg2 Rhe8 37. Bd4 Rb8 38. f4 gxf4 39. exf4 Re2+
40. Kf3 Rh2 41. f5+ Kh6 42. Kg3 Re2 43. Bxf6 gxf6 44. Rxf7 d4 45. Rxd4 Re3+ 46.
Kh4 Rh8 47. Rd6 1-0

[Event "Biel Accentus rapid 50th"]
[Site "Biel"]
[Date "2017.07.23"]
[Round "1.2"]
[White "Hou, Yifan"]
[Black "Navara, David"]
[Result "1-0"]
[WhiteElo "2666"]
[BlackElo "2737"]
[PlyCount "73"]
[EventDate "2017.07.23"]
[EventType "k.o. (rapid)"]
[EventRounds "3"]
[EventCountry "SUI"]
[SourceTitle "CBM 180"]
[Source "ChessBase"]
[SourceDate "2017.09.13"]
[SourceVersion "1"]
[SourceVersionDate "2017.09.13"]
[SourceQuality "1"]

1. e4 e5 2. Nf3 Nc6 3. Bb5 Nf6 4. d3 Bc5 5. c3 O-O 6. O-O Re8 7. Nbd2 a6 8. Ba4
b5 9. Bb3 d6 10. h3 Bb6 11. Re1 Ne7 12. Nf1 Ng6 13. Ng3 h6 14. d4 c5 15. a4
cxd4 16. cxd4 bxa4 17. Bxa4 Bd7 18. d5 Nf4 19. Nf5 g6 20. Nxh6+ Kg7 21. Ng5
Bxa4 22. Rxa4 Rf8 23. Bxf4 exf4 24. Nhxf7 Qd7 25. Nxd6 Qxd6 26. e5 Bxf2+ 27.
Kxf2 Qb6+ 28. Qd4 Nxd5 29. Qxb6 Nxb6 30. Rb4 Nd5 31. Rb7+ Kg8 32. Rd1 Rf5 33.
Nf3 Ne3 34. Rdd7 Rc8 35. Rg7+ Kf8 36. Nh4 Rc2+ 37. Kf3 1-0

[Event "Biel Accentus rapid 50th"]
[Site "Biel"]
[Date "2017.07.23"]
[Round "1.3"]
[White "Navara, David"]
[Black "Hou, Yifan"]
[Result "1-0"]
[WhiteElo "2737"]
[BlackElo "2666"]
[PlyCount "71"]
[EventDate "2017.07.23"]
[EventType "k.o. (rapid)"]
[EventRounds "3"]
[EventCountry "SUI"]
[SourceTitle "CBM 180"]
[Source "ChessBase"]
[SourceDate "2017.09.13"]
[SourceVersion "1"]
[SourceVersionDate "2017.09.13"]
[SourceQuality "1"]

1. d4 e6 2. c4 b6 3. a3 Bb7 4. Nc3 f5 5. d5 Nf6 6. g3 Bd6 7. Bg2 a5 8. Nh3 O-O
9. O-O Na6 10. e4 Be5 11. exf5 Bxc3 12. bxc3 exf5 13. Be3 Ne4 14. Bxe4 fxe4 15.
Qg4 d6 16. Qe6+ Kh8 17. Ng5 Qe8 18. Bd4 Bc8 19. Qh6 Qg6 20. Qxg6 hxg6 21. Rfe1
Bf5 22. h3 Rae8 23. g4 Bd7 24. Rxe4 Rxe4 25. Nxe4 Nc5 26. Bxc5 dxc5 27. Re1 Re8
28. Re3 Kg8 29. Ng5 c6 30. d6 b5 31. Ne4 Re6 32. Nxc5 Rxd6 33. Re7 Rd1+ 34. Kg2
b4 35. cxb4 axb4 36. axb4 1-0

[Event "Douglas IoM op"]
[Site "Douglas"]
[Date "2017.09.25"]
[Round "3"]
[White "Batsiashvili, Nino"]
[Black "Hou, Yifan"]
[Result "1-0"]
[WhiteElo "2472"]
[BlackElo "2670"]
[PlyCount "67"]
[EventDate "2017.09.23"]
[EventType "swiss"]
[EventRounds "9"]
[EventCountry "IOM"]
[SourceTitle "CBM 181"]
[Source "ChessBase"]
[SourceDate "2017.11.10"]
[SourceVersion "1"]
[SourceVersionDate "2017.11.10"]
[SourceQuality "1"]

1. d4 Nf6 2. c4 e6 3. Nc3 Bb4 4. Nf3 b6 5. e3 Ne4 6. Qc2 Bb7 7. Bd3 f5 8. O-O
Bxc3 9. bxc3 O-O 10. c5 bxc5 11. Rb1 Qc8 12. Ba3 d6 13. Rfc1 Nd7 14. Nd2 Nxd2
15. Qxd2 Be4 16. dxc5 Ne5 17. Bxe4 fxe4 18. cxd6 Qa6 19. Rb3 c5 20. c4 Rab8 21.
Bxc5 Rxb3 22. axb3 Nd3 23. b4 Nxc1 24. Qxc1 Qa2 25. Qf1 Rd8 26. h3 Rd7 27. b5
Qa4 28. Qc1 Qb3 29. Ba3 Rf7 30. c5 Qa2 31. Qb2 Qd5 32. c6 Rf8 33. d7 Qd1+ 34.
Kh2 1-0

[Event "Douglas IoM op"]
[Site "Douglas"]
[Date "2017.09.26"]
[Round "4"]
[White "Hou, Yifan"]
[Black "Naiditsch, Yuliya"]
[Result "1-0"]
[WhiteElo "2670"]
[BlackElo "2442"]
[PlyCount "75"]
[EventDate "2017.09.23"]
[EventType "swiss"]
[EventRounds "9"]
[EventCountry "IOM"]
[SourceTitle "CBM 181"]
[Source "ChessBase"]
[SourceDate "2017.11.10"]
[SourceVersion "1"]
[SourceVersionDate "2017.11.10"]
[SourceQuality "1"]

1. Nf3 d5 2. e3 Nf6 3. c4 e6 4. b3 c5 5. Bb2 Nc6 6. cxd5 exd5 7. Bb5 Bd7 8. O-O
Bd6 9. d4 cxd4 10. Nxd4 O-O 11. Nd2 Qe7 12. Bd3 Ba3 13. Qc1 Bxb2 14. Qxb2 Rfc8
15. N2f3 Nxd4 16. Nxd4 Qe5 17. h3 Rc7 18. Rad1 Rac8 19. Qa3 a6 20. Qb4 Ne4 21.
Ne2 Nc3 22. Rd2 h6 23. Nf4 Be6 24. Re1 Bd7 25. f3 Re8 26. Bf1 Rec8 27. a4 Be6
28. Kf2 Qf6 29. Qd4 Qe7 30. Bd3 a5 31. Nh5 Qg5 32. g4 Qh4+ 33. Kg2 f6 34. Rh1
f5 35. Nf4 fxg4 36. hxg4 Qe7 37. Nxe6 Qxe6 38. Bf5 1-0

[Event "Douglas IoM op"]
[Site "Douglas"]
[Date "2017.09.28"]
[Round "6"]
[White "Hou, Yifan"]
[Black "Panchanathan, Magesh Chandran"]
[Result "1-0"]
[WhiteElo "2670"]
[BlackElo "2481"]
[PlyCount "75"]
[EventDate "2017.09.23"]
[EventType "swiss"]
[EventRounds "9"]
[EventCountry "IOM"]
[SourceTitle "CBM 181"]
[Source "ChessBase"]
[SourceDate "2017.11.10"]
[SourceVersion "1"]
[SourceVersionDate "2017.11.10"]
[SourceQuality "1"]

1. e4 e5 2. Nf3 Nc6 3. Bb5 a6 4. Ba4 Nf6 5. O-O Be7 6. Re1 d6 7. c3 O-O 8. h3
Bd7 9. d4 Re8 10. Nbd2 Bf8 11. Bc2 g6 12. Nf1 Bg7 13. Ng3 a5 14. Bg5 a4 15.
Bxa4 exd4 16. Bxc6 bxc6 17. cxd4 Qb8 18. Qd2 Be6 19. b3 Ra6 20. Rad1 d5 21. e5
Nd7 22. Bh6 Qd8 23. Bxg7 Kxg7 24. Rc1 Qe7 25. Re3 Rea8 26. Rc2 Nf8 27. Ne1 h5
28. f4 h4 29. f5 gxf5 30. Nh5+ Kg6 31. Nf6 Nh7 32. Qf2 Nxf6 33. Qxh4 f4 34. Nd3
fxe3 35. Nf4+ Kf5 36. exf6 Rh8 37. Nh5 Rxh5 38. Qxh5+ 1-0

[Event "Douglas IoM op"]
[Site "Douglas"]
[Date "2017.09.29"]
[Round "7"]
[White "Aravindh, Chithambaram VR"]
[Black "Hou, Yifan"]
[Result "0-1"]
[WhiteElo "2573"]
[BlackElo "2670"]
[PlyCount "96"]
[EventDate "2017.09.23"]
[EventType "swiss"]
[EventRounds "9"]
[EventCountry "IOM"]
[SourceTitle "CBM 181"]
[Source "ChessBase"]
[SourceDate "2017.11.10"]
[SourceVersion "1"]
[SourceVersionDate "2017.11.10"]
[SourceQuality "1"]

1. e4 e5 2. Nf3 Nc6 3. Bb5 Nf6 4. Nc3 Bb4 5. O-O O-O 6. d3 Bxc3 7. bxc3 d6 8.
Bg5 h6 9. Bh4 a6 10. Bxc6 bxc6 11. Nd2 Qe7 12. Nc4 d5 13. exd5 cxd5 14. Ne3 c6
15. d4 Re8 16. c4 dxc4 17. Nxc4 exd4 18. Qxd4 c5 19. Qb2 Be6 20. Bxf6 Qxf6 21.
Qxf6 gxf6 22. Ne3 f5 23. Rfd1 Rad8 24. Rxd8 Rxd8 25. g3 Rd4 26. f4 Kf8 27. a3
Ke7 28. Kf1 Rd2 29. h4 Kd6 30. Rb1 Kc6 31. Rb8 c4 32. Ke1 c3 33. g4 fxg4 34. f5
Bd7 35. Rb3 Rd4 36. Rxc3+ Kd6 37. Rc4 Rxc4 38. Nxc4+ Kc5 39. Ne5 Bxf5 40. Nxf7
h5 41. Kd2 Kd5 42. Nd8 Bxc2 43. Ke3 Bg6 44. Kf4 a5 45. a4 Kc5 46. Kg5 g3 47.
Ne6+ Kb4 48. Nf4 Be4 0-1

[Event "BL 1718 (Women)"]
[Site "Germany"]
[Date "2018.03.25"]
[Round "11.1"]
[White "Batsiashvili, Nino"]
[Black "Hou, Yifan"]
[Result "0-1"]
[WhiteElo "2472"]
[BlackElo "2670"]
[PlyCount "100"]
[EventDate "2017.10.01"]
[EventType "team-tourn"]
[EventRounds "11"]
[EventCountry "GER"]
[SourceTitle "EXT 2019"]
[Source "ChessBase"]
[SourceDate "2018.10.10"]
[SourceVersion "1"]
[SourceVersionDate "2018.10.10"]
[SourceQuality "1"]
[WhiteTeam "Schwaebisch Hall (W)"]
[BlackTeam "Baden-Baden (W)"]
[WhiteTeamCountry "GER"]
[BlackTeamCountry "GER"]

1. d4 e6 2. c4 b6 3. e4 Bb7 4. Bd3 Bb4+ 5. Bd2 Bxd2+ 6. Nxd2 d6 7. Ne2 Nd7 8.
O-O Ne7 9. f4 e5 10. fxe5 dxe5 11. d5 a5 12. Nf3 Ng6 13. b3 Qe7 14. Qd2 Nc5 15.
Bc2 Bc8 16. Ng3 O-O 17. Nf5 Qf6 18. Rae1 Bd7 19. a3 Nb7 20. h3 Rfe8 21. Nh2 Nf4
22. Kh1 h5 23. Nf3 Nd6 24. Nxe5 Bxf5 25. exf5 Rxe5 26. Rxe5 Qxe5 27. Qxf4 Re8
28. Qxe5 Rxe5 29. Bd3 Re3 30. Rd1 Re5 31. Rf1 Re3 32. Rd1 Kf8 33. b4 axb4 34.
axb4 Ke7 35. Kg1 Re5 36. g4 hxg4 37. hxg4 Ne8 38. Kf2 b5 39. c5 Nf6 40. Bxb5
Ne4+ 41. Kf3 Nc3 42. Kf4 f6 43. d6+ cxd6 44. cxd6+ Kd8 45. Ra1 Rxb5 46. Ra7
Rxb4+ 47. Kf3 Ne4 48. Rxg7 Ng5+ 49. Kg3 Rb3+ 50. Kf4 Rf3# 0-1